000 00410nam a2200193Ia 4500
008 210210b1903 xxu||||| |||| 00| 0 eng d
041 _aeng
082 _a580/188
100 _aMUDGE
245 _aClass book of botany
260 _aLondon
_bEdward Arnold
_c1903
650 _aof
650 _aClass
650 _abotany
650 _abook
690 _aBotany
700 _aMASLEN
906 _a010448
999 _c138216
_d138216